000 01076nam a2200313Ia 4500
003 OSt
005 20221007123351.0
006 a|||||r|||| 00| 0
007 ta
008 221006b |||||||| |||| 00| 0 eng d
020 _a0486414570 (pbk)
_c
_ 7.95
024 _a9993
037 _bStandard,
_cTextual
040 _aPAPL
_cPAPL
_beng
041 _2eng
_aeng
082 _aC6:(B7:3), L3
100 _aPauli Wolfgang
245 0 _aElectrodynamics by Wolfgang Pauli
260 _aNew
_bYork Dover Pub. Inc.
_c1973
300 _ax, 160p
_ccm.
490 _aPauli lectures on physics; 1
500 _aBibliography 153-154p; Appendix 155-156p; Index 157-160p; ^n23/CSL/CARPA/2002-03/439^d2002-10-30^mPurchase; ; 2002-03/533^b2002-12-16^cSBA/6706^d2002-12-09^eRs.3,467.00^fStandard Book Agency; ; 2003-01-24^bSB^c2003-10-04^dJindal
650 _a Dynamics
_9453975
650 _a Electricity
_9264331
650 _a Mechanics
650 _aPhysics
942 _hC6:(B7:3), L3
_cTEXL
_2CC
999 _c1211767
_d1211767